Prístupy k podnikovej kultúre

Autori analyzujú všeobecný, t.z. modelový prístup ponímania podnikovej kultúry a prístup spoločenskej zodpovednosti zo strany manažmentu podnikov ako nového fenoménu podnikovej kultúry. Podniková kultúra do značnej miery vplýva na výkonnosť podniku.

Na minha lista:
Detalhes bibliográficos
Autor principal: Hvizdová, Eva, ml
Outros Autores: Miklošík, Andrej, Matušovičová, Monika, 1967-
Formato: Capítulo de Livro
Idioma:eslovaco
Assuntos:
Tags: Adicionar Tag
Sem tags, seja o primeiro a adicionar uma tag!

MARC

LEADER 00000nla a2200000 4500
001 0160007
005 20240502072757.4
041 0 |a slo 
044 |a SK 
245 1 0 |a Prístupy k podnikovej kultúre  |c Eva Hvizdová, Andrej Miklošík, Monika Matušovičová 
520 |a Autori analyzujú všeobecný, t.z. modelový prístup ponímania podnikovej kultúry a prístup spoločenskej zodpovednosti zo strany manažmentu podnikov ako nového fenoménu podnikovej kultúry. Podniková kultúra do značnej miery vplýva na výkonnosť podniku. 
610 2 0 |a kultúra podniková 
610 2 0 |a zodpovednosť podniku spoločenská 
610 2 0 |a výkony podnikové 
610 2 0 |a výkonnosť 
100 1 |a Hvizdová, Eva, ml. 
700 1 |a Miklošík, Andrej 
700 1 |a Matušovičová, Monika, 1967-